Mechanics of Materials (Record no. 286417)

000 -LEADER
fixed length control field 00337 a2200133 4500
001 - CONTROL NUMBER
control field 51344
020 ## - INTERNATIONAL STANDARD BOOK NUMBER
International Standard Book Number 0030626269
082 ## - DEWEY DECIMAL CLASSIFICATION NUMBER
Classification number 620.112 FLE
090 ## - LOCALLY ASSIGNED LC-TYPE CALL NUMBER (OCLC); LOCAL CALL NUMBER (RLIN)
-- 32535
-- 32535
100 ## - MAIN ENTRY--PERSONAL NAME
Personal name David Q Fletcher
245 ## - TITLE STATEMENT
Title Mechanics of Materials
Statement of responsibility, etc. David Q Fletcher
Medium English
260 ## - PUBLICATION, DISTRIBUTION, ETC.
Place of publication, distribution, etc. New York
Name of publisher, distributor, etc. Holt Rinehart
Date of publication, distribution, etc. 1985
300 ## - PHYSICAL DESCRIPTION
Extent xi 523 p
942 ## - ADDED ENTRY ELEMENTS (KOHA)
Institution code [OBSOLETE] NUST-CAE
Call number prefix 620.112 FLE
Holdings
Withdrawn status Lost status Damaged status Not for loan Collection code Permanent Location Current Location Date acquired Total Checkouts Full call number Barcode Date last seen Price effective from Koha item type
          College of Aeronautical Engineering (CAE) College of Aeronautical Engineering (CAE) 04/03/2017   620.112 FLE CAE32181 04/05/2017 04/05/2017 Book
© 2023 Central Library, National University of Sciences and Technology. All Rights Reserved.